Car Brand by Country - Statistics

General Stats
  • This quiz has been taken 3,009 times
  • The average score is 16 of 20
Answer Stats
Brand Country % Correct
Chevrolet United States
96%
Audi Germany
95%
BMW Germany
94%
Bentley United Kingdom
93%
Mitsubishi Japan
91%
Volvo Sweden
90%
Citroen France
89%
Peugeot France
87%
FIAT Italy
86%
Hyundai South Korea
85%
KIA South Korea
79%
Daihatsu Japan
76%
Lotus United Kingdom
73%
Mercury United States
71%
TATA India
66%
Lada Russia
66%
Skoda Czech Republic
61%
SEAT Spain
61%
Holden Australia
57%
Geely China
48%
No matching quizzes found
Score Distribution
Percent of People with Each Score
Percentile by Number Answered
Your Score History
You have not taken this quiz